Online
Catalog

Indigenismo, modernización y marginalidad : (Record no. 14185)

MARC details
000 -CABECERA
campo de control de longitud fija 01638cam a2200337 a 4500
001 - NÚMERO DE CONTROL
campo de control 000014599
003 - IDENTIFICADOR DEL NÚMERO DE CONTROL
campo de control UkOxU
005 - FECHA Y HORA DE LA ÚLTIMA TRANSACCIÓN
campo de control 20240229091310.0
008 - DATOS DE LONGITUD FIJA--INFORMACIÓN GENERAL
campo de control de longitud fija 800510s1979 mx a b 000 0 spa
010 ## - NÚMERO DE CONTROL DE LA BIBLIOTECA DEL CONGRESO
Número de control de LC 80106996
020 ## - NÚMERO INTERNACIONAL ESTÁNDAR DEL LIBRO
Número Internacional Estándar del Libro 9686039031
035 ## - NÚMERO DE CONTROL DEL SISTEMA
Número de control de sistema (OCoLC)ocm06349964
Número de control cancelado/no válido (OCoLC)6349964
040 ## - FUENTE DE LA CATALOGACIÓN
Centro catalogador/agencia de origen DO-SdBNP
Centro/agencia transcriptor DLC
Centro/agencia modificador EL
-- dOCLCQ
043 ## - CÓDIGO DE ÁREA GEOGRÁFICA
Código de área geográfica cl-----
050 00 - SIGNATURA TOPOGRÁFICA DE LA BIBLIOTECA DEL CONGRESO
Número de clasificación HM136
Número de documento/Ítem .I45
082 00 - NÚMERO DE LA CLASIFICACIÓN DECIMAL DEWEY
Número de clasificación 305.5/6
245 00 - MENCIÓN DE TÍTULO
Título Indigenismo, modernización y marginalidad :
Resto del título una revisión crítica /
Mención de responsabilidad, etc. de Héctor Díaz-Polanco ... [et al.].
260 ## - PUBLICACIÓN, DISTRIBUCIÓN, ETC.
Lugar de publicación, distribución, etc. México :
Nombre del editor, distribuidor, etc. Centro de Investigación para la Integración Social :
-- J. Pablos,
Fecha de publicación, distribución, etc. 1979.
300 ## - DESCRIPCIÓN FÍSICA
Extensión 222 p. :
Otras características físicas ill. ;
Dimensiones 22 cm.
490 1# - MENCIÓN DE SERIE
Mención de serie Serie metodológica - Centro de Investigación para la Integración Social
504 ## - NOTA DE BIBLIOGRAFÍA, ETC.
Nota de bibliografía, etc. Includes bibliographical references (p. [215]-222).
505 0# - NOTA DE CONTENIDO CON FORMATO
Nota de contenido con formato Díaz-Polanco, H. La teoría indigenista y la integración.--Javier Guerrero, F. La cuestión indígena y el indigenismo.--Bravo, V. Los fundamentos teóricos de la marginalidad.--Allub, L. Modernización y marginalidad.--Michel, M.A. Dependencia y marginalidad.--Arizpe, L. Migración y marginalidad.
650 #0 - PUNTO DE ACCESO ADICIONAL DE MATERIA--TÉRMINO DE MATERIA
Término de materia o nombre geográfico como elemento de entrada Marginality, social.
9 (RLIN) 33054
650 #0 - PUNTO DE ACCESO ADICIONAL DE MATERIA--TÉRMINO DE MATERIA
Término de materia o nombre geográfico como elemento de entrada Marginality, social
Subdivisión geográfica Latin America.
9 (RLIN) 33055
650 #0 - PUNTO DE ACCESO ADICIONAL DE MATERIA--TÉRMINO DE MATERIA
Término de materia o nombre geográfico como elemento de entrada Poverty
Subdivisión geográfica Latin America
9 (RLIN) 33056
650 #0 - PUNTO DE ACCESO ADICIONAL DE MATERIA--TÉRMINO DE MATERIA
Término de materia o nombre geográfico como elemento de entrada Indians of mexico
Subdivisión general Social conditions
9 (RLIN) 33057
700 1# - PUNTO DE ACCESO ADICIONAL--NOMBRE DE PERSONA
Nombre de persona Díaz Polanco, Héctor,
Fechas asociadas al nombre 1944-
9 (RLIN) 2421
830 #0 - PUNTO DE ACCESO ADICIONAL DE SERIE-TÍTULO UNIFORME
Título uniforme Serie metodológica (Mexico City, Mexico)
9 (RLIN) 33058
852 ## - LOCALIZACIÓN
-- 19765894
-- Available
910 ## - DATOS DE OPCIÓN DEL USUARIO (OCLC)
Datos de opción del usuario Catalogación derivada
Holdings
Estado de retiro Estado de pérdida Restricciones de uso No para préstamo Código de colección Localización permanente Ubicación/localización actual Ubicación en estantería Fecha de adquisición Número de inventario Total de préstamos Signatura topográfica completa Código de barras Fecha visto por última vez Precio válido a partir de Tipo de ítem Koha
      Excluido de préstamo Monografías: Libros y Folletos General General En catalogación 15.01.2010 LF1   305.5/6 14599-10 25.06.2020 25.06.2020 No se presta

Powered by Koha